20 hidden Random Countries World Map - Statistics

General Stats
  • This quiz has been taken 43 times
    32 since last reset
  • The average score is 18 of 20
Answers on the Map
Answers color-coded by a green-red scale on the quiz's map according to % correct below.
 
Answer Stats
Country % Correct
Albania
100%
Algeria
100%
Angola
100%
Armenia
100%
Australia
100%
Austria
100%
Azerbaijan
100%
Bahamas
100%
Belgium
100%
Benin
100%
Bhutan
100%
Bolivia
100%
Bosnia and Herzegovina
100%
Botswana
100%
Brazil
100%
Bulgaria
100%
Burkina Faso
100%
Burundi
100%
Cambodia
100%
Cameroon
100%
Canada
100%
Cape Verde
100%
Chad
100%
Chile
100%
China
100%
Colombia
100%
Costa Rica
100%
Croatia
100%
Cuba
100%
Cyprus
100%
Czech Republic
100%
Democratic Republic of the Congo
100%
Denmark
100%
São Tomé and Príncipe
100%
Djibouti
100%
East Timor
100%
Ecuador
100%
Egypt
100%
Eritrea
100%
Estonia
100%
Eswatini
100%
Ethiopia
100%
Federated States of Micronesia
100%
Finland
100%
France
100%
Ghana
100%
Greece
100%
Guatemala
100%
Guinea
100%
Guinea-Bissau
100%
Guyana
100%
Haiti
100%
Honduras
100%
Hungary
100%
Iceland
100%
India
100%
Indonesia
100%
Iran
100%
Iraq
100%
Ireland
100%
Israel
100%
Italy
100%
Jamaica
100%
Japan
100%
Kazakhstan
100%
Kiribati
100%
Kuwait
100%
Laos
100%
Liberia
100%
Libya
100%
Lithuania
100%
Madagascar
100%
Malawi
100%
Malaysia
100%
Maldives
100%
Mali
100%
Malta
100%
Marshall Islands
100%
Mauritania
100%
Mexico
100%
Moldova
100%
Mongolia
100%
Montenegro
100%
Morocco
100%
Mozambique
100%
Myanmar
100%
Namibia
100%
Nauru
100%
Nepal
100%
Netherlands
100%
New Zealand
100%
Niger
100%
Nigeria
100%
North Korea
100%
Oman
100%
Pakistan
100%
Palau
100%
Papua New Guinea
100%
Paraguay
100%
Peru
100%
Philippines
100%
Poland
100%
Portugal
100%
Romania
100%
Russia
100%
Rwanda
100%
Saudi Arabia
100%
Seychelles
100%
Slovakia
100%
Slovenia
100%
Solomon Islands
100%
Somalia
100%
South Africa
100%
South Korea
100%
South Sudan
100%
Spain
100%
Sri Lanka
100%
Suriname
100%
Switzerland
100%
Taiwan
100%
Tanzania
100%
Thailand
100%
Togo
100%
Tonga
100%
Tunisia
100%
Turkmenistan
100%
Uganda
100%
Ukraine
100%
United Kingdom
100%
United States
100%
Uruguay
100%
Vanuatu
100%
Venezuela
100%
Vietnam
100%
Yemen
100%
Georgia
83%
Jordan
75%
Kenya
75%
Nicaragua
75%
Republic of the Congo
75%
Senegal
75%
United Arab Emirates
75%
Bangladesh
67%
Central African Republic
67%
Dominican Republic
67%
El Salvador
67%
Norway
67%
Equatorial Guinea
50%
Fiji
50%
Gambia
50%
Kosovo
50%
Kyrgyzstan
50%
Luxembourg
50%
Serbia
50%
Syria
50%
Tajikistan
50%
Tuvalu
50%
Zambia
50%
Zimbabwe
50%
Belarus
33%
Comoros
33%
Lebanon
33%
Qatar
33%
Afghanistan
0%
Argentina
0%
Belize
0%
Gabon
0%
Germany
0%
Ivory Coast
0%
Latvia
0%
Lesotho
0%
Mauritius
0%
North Macedonia
0%
Panama
0%
Samoa
0%
Sierra Leone
0%
Sudan
0%
Sweden
0%
Turkey
0%
Uzbekistan
0%
No matching quizzes found
Score Distribution
Percent of People with Each Score
Percentile by Number Answered
Your Score History
You have not taken this quiz since the last reset